| 000 | 00729nam a2200205 a 4500 | ||
|---|---|---|---|
| 003 | 0 | ||
| 005 | 20250508102010.0 | ||
| 008 | 970101s19uu xx 00 eng d | ||
| 050 |
_aPHS TD 794.5 _b.T74 2004 |
||
| 100 | _aTremblay, Crsytal Gayle M. | ||
| 245 |
_aThe Utilization of rice straw and plastic waste cement-bonded board as a wood substitute _cCrystal Gayle M. Tremblay. |
||
| 260 |
_aLas PiƱas City, Philippines : _bSouthville International School and Colleges, _c2004. |
||
| 300 |
_a25 pages ; _c28 cm. |
||
| 504 | _aIncludes bibliographical references. | ||
| 650 | _aRecycled materials. | ||
| 650 |
_aRice straw _xUtilization. |
||
| 650 | _aCement composites. | ||
| 650 | _aWood substitutes. | ||
| 942 |
_2lcc _cPASS |
||
| 999 |
_c97164 _d97164 |
||